[Event "FIDE World Cup"]
[Site "Baku"]
[Date "2023.08.10"]
[Round "4.2"]
[White "Vocaturo, Daniele"]
[Black "Salem, AR Saleh"]
[Result "1/2-1/2"]
[WhiteElo "2609"]
[BlackElo "2661"]
[PlyCount "169"]
[EventDate "2023.07.30"]
[EventType "k.o."]
[EventRounds "8"]
[EventCountry "AZE"]
[SourceTitle "EXT 2024"]
[Source "ChessBase"]
[SourceDate "2023.10.10"]
[SourceVersion "1"]
[SourceVersionDate "2023.10.10"]
[SourceQuality "1"]

1. d4 Nf6 2. c4 e6 3. Nc3 d5 4. cxd5 exd5 5. Bg5 c6 6. e3 h6 7. Bh4 Be7 8. Bd3 0-0 9. Nge2 Re8 10. 0-0 Nbd7 11. a4 Nh5 12. Bxe7 Qxe7 13. a5 Ndf6 14. Nc1 g6 15. Re1 Ng7 16. f3 Bf5 17. Qd2 c5 18. dxc5 Qxc5 19. Nb3 Qe7 20. Nd4 Bxd3 21. Qxd3 a6 22. Na4 Rac8 23. Nb6 Rc7 24. Rad1 h5 25. Qd2 Qe5 26. b4 Ne6 27. Nxe6 Rxe6 28. Na4 Rec6 29. Nc5 Nd7 30. e4 d4 31. Nd3 Qb5 32. e5 Nf8 33. Nc5 Ne6 34. Nxe6 Rxe6 35. Qxd4 Rc4 36. Qd8+ Kg7 37. Qd5 Rxb4 38. Rd2 Qa4 39. Ra2 Qe8 40. Raa1 Qe7 41. g3 Rb5 42. Qd4 Qc7 43. f4 Rc5 44. Reb1 Rcc6 45. Rb2 Rc1+ 46. Rxc1 Qxc1+ 47. Kg2 Qa1 48. Qd2 Qa4 49. Qb4 Qc6+ 50. Kh3 Qf3 51. Qxb7 Rc6 52. Rf2 Qg4+ 53. Kg2 Qe6 54. Rd2 Rc1 55. Qd5 Qc8 56. e6 fxe6 57. Qd7+ Qxd7 58. Rxd7+ Kf6 59. Rd6 Rc2+ 60. Kh3 Kf5 61. Rxa6 e5 62. Ra8 exf4 63. Rf8+ Ke6 64. gxf4 Ra2 65. Ra8 Kf5 66. Rf8+ Ke6 67. f5+ gxf5 68. Ra8 Ke5 69. a6 Kf4 70. a7 h4 71. Rh8 Rxa7 72. Kxh4 Re7 73. Kh5 Ke3 74. Ra8 f4 75. Ra3+ Ke4 76. Kg4 Rg7+ 77. Kh3 Rd7 78. Kg2 Rd2+ 79. Kg1 Rc2 80. Rb3 Ra2 81. Rc3 f3 82. Kf1 Rxh2 83. Rc8 Rh1+ 84. Kf2 Rh2+ 85. Kf1 1/2-1/2

[Event "FIDE World Cup"]
[Site "Baku"]
[Date "2023.08.06"]
[Round "3.2"]
[White "Vocaturo, Daniele"]
[Black "Dubov, Daniil"]
[Result "1/2-1/2"]
[WhiteElo "2609"]
[BlackElo "2716"]
[PlyCount "70"]
[EventDate "2023.07.30"]
[EventType "k.o."]
[EventRounds "8"]
[EventCountry "AZE"]
[SourceTitle "EXT 2024"]
[Source "ChessBase"]
[SourceDate "2023.10.10"]
[SourceVersion "1"]
[SourceVersionDate "2023.10.10"]
[SourceQuality "1"]

1. e4 e5 2. Nf3 Nc6 3. Nc3 Nf6 4. d4 exd4 5. Nxd4 Bb4 6. Nxc6 bxc6 7. Bd3 d6 8. 0-0 Ng4 9. h3 Ne5 10. Be3 0-0 11. f4 Nxd3 12. cxd3 d5 13. Qa4 a5 14. Qxc6 Ra6 15. Qxd5 Rd6 16. Qg5 f6 17. Qh5 Bb7 18. Rad1 f5 19. a3 Bxc3 20. bxc3 fxe4 21. dxe4 Bxe4 22. Bc5 Rf5 23. Qe2 Rxc5 24. Rxd6 Qxd6 25. Qxe4 Qc6 26. Qe7 Rxc3 27. Qd8+ Kf7 28. Re1 Qd6 29. Qe8+ Kf6 30. f5 Kg5 31. Qg8 Qd4+ 32. Kh1 Rc5 33. f6 Qxf6 34. Qxh7 Rf5 35. Re3 c5 1/2-1/2

[Event "FIDE World Cup"]
[Site "Baku"]
[Date "2023.08.03"]
[Round "2.2"]
[White "Vocaturo, Daniele"]
[Black "Volokitin, Andrei"]
[Result "1/2-1/2"]
[WhiteElo "2609"]
[BlackElo "2674"]
[PlyCount "231"]
[EventDate "2023.07.30"]
[EventType "k.o."]
[EventRounds "8"]
[EventCountry "AZE"]
[SourceTitle "EXT 2024"]
[Source "ChessBase"]
[SourceDate "2023.10.10"]
[SourceVersion "1"]
[SourceVersionDate "2023.10.10"]
[SourceQuality "1"]

1. e4 c5 2. Nf3 d6 3. d4 cxd4 4. Nxd4 Nf6 5. Nc3 a6 6. Be3 e5 7. Nb3 Be7 8. f3 Be6 9. Qd2 0-0 10. 0-0-0 Nbd7 11. g4 b5 12. a3 Nb6 13. g5 Nh5 14. Na5 Rc8 15. Kb1 g6 16. Rg1 Qc7 17. Nd5 Nxd5 18. exd5 Bd7 19. c4 Nf4 20. cxb5 axb5 21. Bxf4 exf4 22. Bd3 Ra8 23. Nc6 Bxc6 24. dxc6 d5 25. Rge1 Rfb8 26. Qe2 Bxa3 27. bxa3 Rxa3 28. Qb2 b4 29. Bc2 Qxc6 30. Bb3 d4 31. Re4 Qc3 32. Bd5 Qxb2+ 33. Kxb2 Rxf3 34. Rd2 Rf1 35. Rexd4 Rf8 36. h4 h6 37. Bc4 Rg1 38. gxh6 f3 39. Bd5 Kh7 40. Bxf3 Kxh6 41. Rxb4 Rg3 42. Rf2 f5 43. Rb6 Kg7 44. Kc2 Rf6 45. Rb4 Ra6 46. Bd5 Kh6 47. Rff4 Rd6 48. Rb5 Re3 49. Bc4 Rh3 50. Rb7 Rc6 51. Rd4 g5 52. hxg5+ Kxg5 53. Rb8 Re3 54. Rb5 Rg3 55. Kd2 Rg4 56. Rxg4+ Kxg4 57. Be2+ Kf4 58. Bd3 Rf6 59. Ke2 Re6+ 60. Kf2 Re5 61. Rb4+ Kg5 62. Rd4 Ra5 63. Kf3 Re5 64. Rd7 Ra5 65. Rd8 Kf6 66. Rf8+ Ke7 67. Rc8 Kf6 68. Kf4 Ke6 69. Re8+ Kd7 70. Re1 Kd6 71. Bxf5 Ra4+ 72. Be4 Rd4 73. Rh1 Kc5 74. Ke5 Rd2 75. Rc1+ Kb4 76. Bd5 Rh2 77. Ke4 Re2+ 78. Kd3 Rh2 79. Be4 Kb5 80. Kd4 Rd2+ 81. Bd3+ Kb6 82. Rc3 Rh2 83. Rb3+ Kc7 84. Be4 Rh5 85. Rg3 Kd6 86. Rg6+ Ke7 87. Bd5 Rh2 88. Kc5 Rf2 89. Rh6 Rf1 90. Ra6 Rf2 91. Ra7+ Kf6 92. Kd6 Re2 93. Rf7+ Kg5 94. Be6 Rd2+ 95. Ke7 Re2 96. Rf3 Re4 97. Rf8 Re5 98. Rg8+ Kf4 99. Kf6 Ra5 100. Rg4+ Ke3 101. Rb4 Kd3 102. Ke7 Ra6 103. Rh4 Ke3 104. Kf6 Ra5 105. Bf5 Ra6+ 106. Kg5 Ra5 107. Re4+ Kd2 108. Kf4 Kc3 109. Be6 Kd3 110. Bc4+ Kc3 111. Be2 Kd2 112. Bf1 Rd5 113. Ra4 Rd8 114. Bg2 Kc3 115. Ra8 Rxa8 116. Bxa8 1/2-1/2

[Event "Bucharest Grand Prix"]
[Site "Bucharest"]
[Date "2023.04.30"]
[Round "8"]
[White "Bulau, Andrei Cristian"]
[Black "Vocaturo, Daniele"]
[Result "0-1"]
[WhiteElo "2164"]
[BlackElo "2618"]
[PlyCount "44"]
[EventDate "2023.04.29"]
[EventType "swiss (rapid)"]
[EventRounds "10"]
[EventCountry "ROU"]
[SourceTitle "CBM 213 Extra"]
[Source "ChessBase"]
[SourceDate "2023.05.31"]
[SourceVersion "1"]
[SourceVersionDate "2023.05.31"]
[SourceQuality "1"]

1. d4 Nf6 2. c4 c5 3. d5 b5 4. cxb5 a6 5. e3 e6 6. Nc3 exd5 7. Nxd5 Bb7 8. Nc3 Be7 9. Nf3 0-0 10. Be2 axb5 11. Bxb5 d5 12. 0-0 Na6 13. b3 Nc7 14. Be2 Ne6 15. Bb2 Qa5 16. Qd2 Rfd8 17. Rfd1 d4 18. exd4 cxd4 19. Nb5 Bb4 20. Qc2 Rac8 21. Qf5 Rc5 22. Ne5 Be4 0-1

[Event "Bucharest Grand Prix"]
[Site "Bucharest"]
[Date "2023.04.30"]
[Round "5"]
[White "Dhulipalla, Bala Chandra Prasad"]
[Black "Vocaturo, Daniele"]
[Result "1-0"]
[WhiteElo "2441"]
[BlackElo "2618"]
[PlyCount "94"]
[EventDate "2023.04.29"]
[EventType "swiss (rapid)"]
[EventRounds "10"]
[EventCountry "ROU"]
[SourceTitle "CBM 213 Extra"]
[Source "ChessBase"]
[SourceDate "2023.05.31"]
[SourceVersion "1"]
[SourceVersionDate "2023.05.31"]
[SourceQuality "1"]

1. d4 Nf6 2. Nf3 e6 3. Bf4 d5 4. e3 c5 5. Nbd2 Bd7 6. c3 Qb6 7. Qb3 Bc6 8. Be2 Nbd7 9. h3 Be7 10. 0-0 0-0 11. Rfe1 Rac8 12. Rac1 Rfe8 13. Bf1 Qa5 14. a3 b5 15. Qd1 Qb6 16. Bd3 Bf8 17. b4 cxb4 18. cxb4 a5 19. Qb3 axb4 20. axb4 Qb7 21. Qc3 Nb6 22. Nb3 Nc4 23. Ne5 Nd7 24. Nxd7 Qxd7 25. Ra1 Ra8 26. Nc5 Bxc5 27. dxc5 e5 28. Rxa8 Bxa8 29. Bg3 g6 30. Rd1 d4 31. exd4 exd4 32. Bxc4 dxc3 33. Rxd7 bxc4 34. Rd1 c2 35. Rc1 Be4 36. f3 Bf5 37. b5 Rd8 38. Bf4 g5 39. Bd6 Rd7 40. b6 f6 41. Kf2 Kf7 42. Ke3 Ke6 43. Kd4 Bd3 44. Re1+ Kf7 45. Kd5 Be2 46. Rc1 c3 47. c6 g4 1-0

[Event "Bucharest Grand Prix"]
[Site "Bucharest"]
[Date "2023.04.29"]
[Round "4"]
[White "Vocaturo, Daniele"]
[Black "Stoleriu, George"]
[Result "1/2-1/2"]
[WhiteElo "2618"]
[BlackElo "2390"]
[PlyCount "84"]
[EventDate "2023.04.29"]
[EventType "swiss (rapid)"]
[EventRounds "10"]
[EventCountry "ROU"]
[SourceTitle "CBM 213 Extra"]
[Source "ChessBase"]
[SourceDate "2023.05.31"]
[SourceVersion "1"]
[SourceVersionDate "2023.05.31"]
[SourceQuality "1"]

1. Nf3 Nf6 2. c4 g6 3. Nc3 Bg7 4. e4 d6 5. d4 0-0 6. Be3 e5 7. d5 Ng4 8. Bg5 f6 9. Bh4 g5 10. Bg3 Nh6 11. Nd2 a5 12. Be2 Na6 13. a3 Bd7 14. 0-0 f5 15. exf5 Nxf5 16. Nde4 b6 17. Rb1 Nc5 18. b4 axb4 19. axb4 Nxe4 20. Nxe4 Nd4 21. Bg4 Ba4 22. Qd2 Bc2 23. Rbe1 h6 24. Nc3 Bg6 25. Nb5 Nxb5 26. cxb5 h5 27. Be6+ Kh8 28. f3 Ra4 29. Rc1 Be8 30. Rc2 Bxb5 31. Rfc1 Ra7 32. Bf2 Qe7 33. Be3 Bf6 34. Ra2 Rfa8 35. Rxa7 Rxa7 36. Qc2 Kg7 37. Bf5 Be8 38. Be4 Qd7 39. Qd2 Qe7 40. Qc2 Qd7 41. Qd2 Qe7 42. Qc2 Qd7 1/2-1/2

[Event "EU-ch 23rd"]
[Site "Vrnjacka Banja"]
[Date "2023.03.13"]
[Round "11"]
[White "Vocaturo, Daniele"]
[Black "Hovhannisyan, Robert"]
[Result "1/2-1/2"]
[WhiteElo "2619"]
[BlackElo "2597"]
[PlyCount "75"]
[EventDate "2023.03.03"]
[EventType "swiss"]
[EventRounds "11"]
[EventCountry "SRB"]
[SourceTitle "CBM 213"]
[Source "ChessBase"]
[SourceDate "2023.04.30"]
[SourceVersion "1"]
[SourceVersionDate "2023.04.30"]
[SourceQuality "1"]

1. e4 e5 2. Nf3 Nc6 3. Bb5 Nf6 4. 0-0 Nxe4 5. Re1 Nd6 6. Bf1 Be7 7. Nc3 Nf5 8. d4 Nfxd4 9. Nxe5 d6 10. Nxc6 Nxc6 11. Nd5 Be6 12. b4 Bf6 13. Rb1 0-0 14. Nxf6+ Qxf6 15. b5 Ne5 16. Rb4 Rfe8 17. h3 Bf5 18. Bb2 Qg6 19. Re3 f6 20. Qd5+ Be6 21. Qxb7 Qxc2 22. Rc3 Qd1 23. Rc1 Qd5 24. Qxd5 Bxd5 25. Rxc7 Rec8 26. Rxc8+ Rxc8 27. a4 Rc2 28. f3 Nd7 29. Bd4 Nc5 30. a5 Kf8 31. a6 Ke7 32. b6 axb6 33. Rxb6 Ra2 34. Bb5 Nd7 35. Bxd7 Kxd7 36. a7 Rxa7 37. Rxd6+ Kxd6 38. Bxa7 1/2-1/2

[Event "EU-ch 23rd"]
[Site "Vrnjacka Banja"]
[Date "2023.03.11"]
[Round "9"]
[White "Vocaturo, Daniele"]
[Black "Kourkoulos Arditis, Stamatis"]
[Result "1/2-1/2"]
[WhiteElo "2619"]
[BlackElo "2520"]
[PlyCount "98"]
[EventDate "2023.03.03"]
[EventType "swiss"]
[EventRounds "11"]
[EventCountry "SRB"]
[SourceTitle "CBM 213"]
[Source "ChessBase"]
[SourceDate "2023.04.30"]
[SourceVersion "1"]
[SourceVersionDate "2023.04.30"]
[SourceQuality "1"]

1. e4 e5 2. Nf3 Nc6 3. Bb5 a6 4. Ba4 Nf6 5. 0-0 Bc5 6. c3 b5 7. Bb3 d6 8. a4 Bg4 9. h3 Bxf3 10. Qxf3 Na5 11. Bc2 b4 12. Qd1 0-0 13. d4 exd4 14. cxd4 Bb6 15. d5 Re8 16. Nd2 c6 17. dxc6 Rc8 18. Re1 Rxc6 19. Nf3 d5 20. exd5 Rxe1+ 21. Nxe1 Qxd5 22. Qxd5 Nxd5 23. Bg5 h6 24. Rd1 hxg5 25. Rxd5 b3 26. Bd3 Rc1 27. Kf1 Nc6 28. Ke2 Bd4 29. Be4 Bxb2 30. Rd6 Nd4+ 31. Kd2 Rc8 32. Nf3 Bc3+ 33. Kd1 Ne6 34. Rxa6 b2 35. Kc2 Rb8 36. Kb1 Nc5 37. Ra8 Rxa8 38. Bxa8 Nxa4 39. Nxg5 Nb6 40. Be4 g6 41. Nf3 f5 42. Bc2 Kg7 43. Bb3 Nd7 44. Kc2 Nc5 45. Ba2 Ne4 46. Ng5 Nxg5 47. Kxc3 Ne4+ 48. Kxb2 Nxf2 49. Kc3 Kf6 1/2-1/2

[Event "Olympiad-44"]
[Site "Chennai"]
[Date "2022.08.09"]
[Round "11.1"]
[White "Vocaturo, Daniele"]
[Black "Cordova, Emilio"]
[Result "1/2-1/2"]
[WhiteElo "2616"]
[BlackElo "2549"]
[PlyCount "62"]
[EventDate "2022.07.29"]
[EventType "team-swiss"]
[EventRounds "11"]
[EventCountry "IND"]
[SourceTitle "CBM 210"]
[Source "ChessBase"]
[SourceDate "2022.10.31"]
[SourceVersion "1"]
[SourceVersionDate "2022.10.31"]
[SourceQuality "1"]
[WhiteTeam "Italy"]
[BlackTeam "Peru"]
[WhiteTeamCountry "ITA"]
[BlackTeamCountry "PER"]

1. e4 c5 2. Nf3 Nc6 3. Bb5 e6 4. 0-0 Nge7 5. Re1 b6 6. d4 cxd4 7. Nxd4 Nxd4 8. Qxd4 Nc6 9. Qd1 Bb7 10. Nc3 a6 11. Bf1 d6 12. Bf4 Rc8 13. Qd2 Ne5 14. Rad1 Be7 15. Qd4 0-0 16. Bxe5 dxe5 17. Qxe5 Qc7 18. Qxc7 Rxc7 19. Re2 Rfc8 20. Nb1 g5 21. c3 b5 22. a3 a5 23. b4 axb4 24. axb4 Ra8 25. f3 Bc6 26. Kf2 Kg7 27. Rc2 Be8 28. Bd3 h5 29. Ke2 h4 30. Nd2 Bd6 31. h3 Rac8 1/2-1/2

[Event "Olympiad-44"]
[Site "Chennai"]
[Date "2022.07.31"]
[Round "3.1"]
[White "Vocaturo, Daniele"]
[Black "Carlsen, Magnus"]
[Result "1/2-1/2"]
[WhiteElo "2616"]
[BlackElo "2864"]
[PlyCount "111"]
[EventDate "2022.07.29"]
[EventType "team-swiss"]
[EventRounds "11"]
[EventCountry "IND"]
[SourceTitle "CBM 210"]
[Source "ChessBase"]
[SourceDate "2022.10.31"]
[SourceVersion "1"]
[SourceVersionDate "2022.10.31"]
[SourceQuality "1"]
[WhiteTeam "Italy"]
[BlackTeam "Norway"]
[WhiteTeamCountry "ITA"]
[BlackTeamCountry "NOR"]

1. e4 c6 2. d4 d5 3. exd5 cxd5 4. Bd3 Nc6 5. c3 e6 6. Bf4 Bd6 7. Bxd6 Qxd6 8. Nf3 Nge7 9. 0-0 Bd7 10. Re1 0-0 11. Ne5 Nxe5 12. dxe5 Qb6 13. Qb3 Qxb3 14. axb3 Rfd8 15. Na3 f6 16. Nc2 Nc6 17. exf6 gxf6 18. Bb5 Kf7 19. Bxc6 Bxc6 20. f4 a5 21. Re3 h5 22. Rae1 Bd7 23. Nd4 Ra6 24. Kf2 b5 25. g3 Re8 26. h3 Rh8 27. Kg2 b4 28. Ra1 Re8 29. Rae1 a4 30. bxa4 Rxa4 31. R1e2 Ra2 32. cxb4 Ra4 33. Nc2 Raa8 34. Kf2 Reb8 35. Ra3 Ke7 36. Rd2 Kd6 37. Ne3 Bc6 38. Nc4+ Ke7 39. Na5 Bd7 40. Nb3 Kd6 41. Nc5 Bc6 42. Re3 e5 43. Ne4+ Ke7 44. Nc5 e4 45. Rd4 f5 46. Ra3 Rg8 47. Rxa8 Bxa8 48. Na4 Kd6 49. Nc3 Bc6 50. Nd1 Bd7 51. Ne3 Be6 52. Rd2 Rb8 53. Nc2 Bd7 54. Ne3 Be6 55. Nc2 Bd7 56. Ne3 1/2-1/2

[Event "FRA-chT Top 16 GpB"]
[Site "Chartres"]
[Date "2022.06.13"]
[Round "5.4"]
[White "Vocaturo, Daniele"]
[Black "Di Nicolantonio, Lucas"]
[Result "1-0"]
[WhiteElo "2608"]
[BlackElo "2382"]
[PlyCount "105"]
[EventDate "2022.06.09"]
[EventType "team-tourn"]
[EventRounds "7"]
[EventCountry "FRA"]
[SourceTitle "CBM 208 Extra"]
[Source "ChessBase"]
[SourceDate "2022.07.31"]
[SourceVersion "1"]
[SourceVersionDate "2022.07.31"]
[SourceQuality "1"]
[WhiteTeam "Clichy Echecs 92"]
[BlackTeam "Echiquier de l'Erdre"]
[WhiteTeamCountry "FRA"]
[BlackTeamCountry "FRA"]

1. e4 c6 2. d4 d5 3. Nc3 dxe4 4. Nxe4 Nf6 5. Nxf6+ exf6 6. c3 Bd6 7. Bd3 0-0 8. Qc2 Re8+ 9. Ne2 h5 10. 0-0 h4 11. h3 Nd7 12. Bd2 Nf8 13. Rae1 Bc7 14. f4 g6 15. f5 g5 16. c4 b6 17. b4 a5 18. bxa5 bxa5 19. c5 Ba6 20. Bxa6 Rxa6 21. Qc4 Ra8 22. Nc3 Bg3 23. Rxe8 Qxe8 24. Qd3 Qd7 25. d5 Be5 26. d6 Qa7 27. Ne4 Nd7 28. Be3 Rb8 29. Rc1 Kg7 30. Nd2 Rb5 31. Nb3 Qb7 32. Nd4 Rb2 33. Qe4 Bxd4 34. Bxd4 Rxa2 35. Qe3 Kh7 36. Qf3 Kh6 37. Qd3 Qb4 38. Rb1 Rd2 39. Rxb4 Rxd3 40. Ra4 Kg7 41. Kf2 Rd2+ 42. Kf3 Ne5+ 43. Ke3 Rd1 44. Ke2 Rb1 45. Rxa5 Rb4 46. Bxe5 Re4+ 47. Kd3 Rxe5 48. Ra4 Kf8 49. Ra8+ Kg7 50. Kc4 Re4+ 51. Kc3 Re3+ 52. Kb4 Rd3 53. Rc8 1-0

[Event "FRA-chT Top 16 GpB"]
[Site "Chartres"]
[Date "2022.06.11"]
[Round "3.3"]
[White "Erigaisi, Arjun Kumar"]
[Black "Vocaturo, Daniele"]
[Result "1-0"]
[WhiteElo "2681"]
[BlackElo "2608"]
[PlyCount "75"]
[EventDate "2022.06.09"]
[EventType "team-tourn"]
[EventRounds "7"]
[EventCountry "FRA"]
[SourceTitle "CBM 208 Extra"]
[Source "ChessBase"]
[SourceDate "2022.07.31"]
[SourceVersion "1"]
[SourceVersionDate "2022.07.31"]
[SourceQuality "1"]
[WhiteTeam "Mulhouse Philidor"]
[BlackTeam "Clichy Echecs 92"]
[WhiteTeamCountry "FRA"]
[BlackTeamCountry "FRA"]

1. d4 Nf6 2. Nc3 d5 3. Bf4 a6 4. e3 b5 5. Nf3 e6 6. Bd3 Bb7 7. Ne2 c5 8. c3 Nc6 9. Ng3 Bd6 10. Bg5 h6 11. Bxf6 gxf6 12. dxc5 Bxc5 13. b4 Bd6 14. a4 bxa4 15. Qxa4 Kf8 16. 0-0 h5 17. Rfc1 h4 18. Nf1 f5 19. Qd1 Rg8 20. Qe2 Ne5 21. Nxe5 Bxe5 22. f3 Qb6 23. h3 f4 24. Kh1 fxe3 25. Nxe3 Bf4 26. Re1 d4 27. Ng4 Bc7 28. Qd2 Qd6 29. Qh6+ Rg7 30. cxd4 Qxd4 31. Qh8+ Ke7 32. Qxh4+ Kf8 33. Rad1 Qxb4 34. Be4 Bxe4 35. Rxe4 Qb3 36. Red4 Qb5 37. Nf6 Bb6 38. Rd7 1-0

[Event "FRA-chT Top 16 GpB"]
[Site "Chartres"]
[Date "2022.06.10"]
[Round "2.2"]
[White "Vocaturo, Daniele"]
[Black "Heinz, Timothee"]
[Result "1-0"]
[WhiteElo "2608"]
[BlackElo "2377"]
[PlyCount "127"]
[EventDate "2022.06.09"]
[EventType "team-tourn"]
[EventRounds "7"]
[EventCountry "FRA"]
[SourceTitle "CBM 208 Extra"]
[Source "ChessBase"]
[SourceDate "2022.07.31"]
[SourceVersion "1"]
[SourceVersionDate "2022.07.31"]
[SourceQuality "1"]
[WhiteTeam "Clichy Echecs 92"]
[BlackTeam "St Quentin"]
[WhiteTeamCountry "FRA"]
[BlackTeamCountry "FRA"]

1. e4 e6 2. d4 d5 3. Nc3 Nf6 4. e5 Nfd7 5. f4 c5 6. Nf3 Nc6 7. Be3 cxd4 8. Nxd4 Bc5 9. Qd2 Bxd4 10. Bxd4 Nxd4 11. Qxd4 Qb6 12. Qd2 Nc5 13. 0-0-0 Bd7 14. h4 Na4 15. Nxa4 Bxa4 16. Rh3 Rc8 17. Bd3 Bb5 18. f5 Bxd3 19. Rxd3 exf5 20. Rb3 Qc7 21. Rc3 Qb8 22. Rxc8+ Qxc8 23. Qb4 h5 24. Qd6 Rh6 25. Qxd5 Rc6 26. c3 Qc7 27. Qd4 b6 28. Qf4 Re6 29. Rd5 Qc6 30. Qd4 Qc7 31. a3 g6 32. Kb1 Rc6 33. Qf4 Kf8 34. Qh6+ Kg8 35. Qd2 Rc5 36. Rd8+ Kg7 37. e6 Qe5 38. exf7 Kxf7 39. Rd7+ Ke6 40. Rxa7 Rd5 41. Qf2 Rd1+ 42. Kc2 Rd6 43. Ra4 Kf7 44. Rb4 Ke7 45. a4 Qe6 46. g3 Kf7 47. Rd4 Rc6 48. Qd2 Rc7 49. Qd3 Qe8 50. Rb4 Qe6 51. Qb5 Rc6 52. Rd4 Kf6 53. Qd3 Ke7 54. Rd5 Rc5 55. Rxc5 bxc5 56. a5 c4 57. Qd4 Qe2+ 58. Kb1 Qe1+ 59. Ka2 Qxg3 60. a6 Qc7 61. a7 Qa5+ 62. Kb1 Qa4 63. Qe5+ Kd7 64. Qd5+ 1-0

[Event "EU-ch 22nd"]
[Site "Terme Catez"]
[Date "2022.04.06"]
[Round "11"]
[White "Parkhov, Yair"]
[Black "Vocaturo, Daniele"]
[Result "0-1"]
[WhiteElo "2450"]
[BlackElo "2614"]
[PlyCount "98"]
[EventDate "2022.03.27"]
[EventType "swiss"]
[EventRounds "11"]
[EventCountry "SLO"]
[SourceTitle "CBM 208"]
[Source "ChessBase"]
[SourceDate "2022.06.30"]
[SourceVersion "1"]
[SourceVersionDate "2022.06.30"]
[SourceQuality "1"]

1. d4 Nf6 2. c4 e6 3. g3 d5 4. Bg2 Bb4+ 5. Bd2 a5 6. Nf3 0-0 7. Qc2 c5 8. cxd5 cxd4 9. Nxd4 Qb6 10. e3 exd5 11. 0-0 Nc6 12. Nxc6 bxc6 13. Rc1 Rb8 14. Bxb4 Qxb4 15. b3 Be6 16. Nc3 c5 17. Ne2 Rfc8 18. Nf4 c4 19. Nxe6 fxe6 20. bxc4 Rxc4 21. Qe2 Rbc8 22. Rxc4 dxc4 23. Bh3 Rc6 24. Bg2 Rc7 25. Qc2 c3 26. Rb1 Qd6 27. Rd1 Qe5 28. Rd3 g6 29. Bf3 Kg7 30. Kg2 Qf5 31. e4 Qc5 32. Rd1 e5 33. Rc1 Nd7 34. Bg4 Nb6 35. Rd1 Qc6 36. Rd8 h5 37. Bf3 Nd7 38. h4 Nf8 39. Rd5 Ne6 40. Qc1 Nd4 41. Bxh5 Qf6 42. Bg4 c2 43. Rxa5 Rf7 44. f3 Nxf3 45. Rc5 Nd4 46. Qe1 Qa6 47. Qa1 Qb7 48. Rxe5 Qb1 49. Qxd4 Qf1+ 0-1

[Event "EU-ch 22nd"]
[Site "Terme Catez"]
[Date "2022.03.31"]
[Round "5"]
[White "Saric, Ivan"]
[Black "Vocaturo, Daniele"]
[Result "1/2-1/2"]
[WhiteElo "2687"]
[BlackElo "2614"]
[PlyCount "41"]
[EventDate "2022.03.27"]
[EventType "swiss"]
[EventRounds "11"]
[EventCountry "SLO"]
[SourceTitle "CBM 208"]
[Source "ChessBase"]
[SourceDate "2022.06.30"]
[SourceVersion "1"]
[SourceVersionDate "2022.06.30"]
[SourceQuality "1"]

1. e4 e5 2. Nf3 Nf6 3. Nxe5 d6 4. Nf3 Nxe4 5. d4 d5 6. Bd3 Bd6 7. 0-0 0-0 8. c4 c6 9. Qc2 Na6 10. a3 f5 11. Nc3 Nc7 12. b4 Bd7 13. Bb2 Ng5 14. Ne5 dxc4 15. Bxc4+ Be6 16. Qb3 Kh8 17. Rad1 Bxe5 18. dxe5 Nf3+ 19. gxf3 Qg5+ 20. Kh1 Qf4 21. Bxe6 1/2-1/2